000 00600nam a22002177a 4500
001 9891
003 BD-RjUL
005 20211208234847.0
008 140122s1995 na ||| |||| 001 0 eng d
020 _a9080235415
035 _a(BD-RjUL)9936
040 _aBD-RjUL
_beng
_cBD-RjUL
041 _aeng
082 0 4 _a332.12
_bGAI
100 1 _aGafoor,Abdul A.L.M
_930557
245 _aInterest-Free commercial Banking /
_cGafoor,Abdul A.L.M
260 _aBerkenlaan :
_bApptec Publishing ,
_cc1995
300 _aix,86p. ;
_c18cm.
650 0 7 _aInterest-Free commercial Banking /
_930558
942 _2ddc
_cBK
999 _c9891
_d9891